[Event "Gornozavodsk op"]
[Site "Gornozavodsk"]
[Date "2010.11.06"]
[Round "7"]
[White "Grebionkin, Vasily"]
[Black "Egorov, Ivan"]
[Result "1/2-1/2"]
[WhiteElo "2061"]
[BlackElo "1660"]
[PlyCount "20"]
[EventDate "2010.11.01"]
[EventType "swiss"]
[EventRounds "10"]
[EventCountry "RUS"]
[SourceTitle "EXT 2012"]
[Source "ChessBase"]
[SourceDate "2011.11.24"]
[SourceVersion "1"]
[SourceVersionDate "2011.11.24"]
[SourceQuality "1"]

1. e4 e5 2. Bc4 Nf6 3. d3 d6 4. Nf3 Be7 5. 0-0 0-0 6. Nc3 a6 7. a4 c6 8. Ba2 b5 9. axb5 cxb5 10. Be3 Nc6 1/2-1/2

[Event "Gornozavodsk op"]
[Site "Gornozavodsk"]
[Date "2010.11.02"]
[Round "3"]
[White "Grebionkin, Vasily"]
[Black "Ivanov, Nikolay A"]
[Result "0-1"]
[WhiteElo "2061"]
[BlackElo "1978"]
[PlyCount "56"]
[EventDate "2010.11.01"]
[EventType "swiss"]
[EventRounds "10"]
[EventCountry "RUS"]
[SourceTitle "EXT 2012"]
[Source "ChessBase"]
[SourceDate "2011.11.24"]
[SourceVersion "1"]
[SourceVersionDate "2011.11.24"]
[SourceQuality "1"]

1. e4 c5 2. d4 cxd4 3. c3 dxc3 4. Bc4 e6 5. Nxc3 d6 6. Nf3 Nf6 7. Bg5 Be7 8. 0-0 a6 9. a4 Nc6 10. Qe2 0-0 11. Rfd1 Qc7 12. Rac1 Bd7 13. Nd5 exd5 14. exd5 Rae8 15. dxc6 Bxc6 16. Nd4 d5 17. Bxa6 Bc5 18. Qc2 Ng4 19. g3 Bxd4 20. Rxd4 Ne5 21. Kg2 bxa6 22. Bf4 Qb6 23. Rdd1 d4+ 24. Kf1 Bf3 25. Re1 d3 26. Qc5 Qxc5 27. Rxc5 Ng4 28. Rxe8 Rxe8 0-1

[Event "Gornozavodsk op"]
[Site "Gornozavodsk"]
[Date "2010.11.01"]
[Round "2"]
[White "Kuznetsov, Mikhail V"]
[Black "Grebionkin, Vasily"]
[Result "1-0"]
[WhiteElo "2196"]
[BlackElo "2061"]
[PlyCount "37"]
[EventDate "2010.11.01"]
[EventType "swiss"]
[EventRounds "10"]
[EventCountry "RUS"]
[SourceTitle "EXT 2012"]
[Source "ChessBase"]
[SourceDate "2011.11.24"]
[SourceVersion "1"]
[SourceVersionDate "2011.11.24"]
[SourceQuality "1"]

1. d4 d5 2. Nf3 c6 3. c4 e6 4. e3 Nf6 5. Nc3 Nbd7 6. Bd3 dxc4 7. Bxc4 b5 8. Bd3 a6 9. 0-0 Bd6 10. e4 e5 11. Bg5 0-0 12. Kh1 Bb7 13. dxe5 Nxe5 14. Nxe5 Bxe5 15. f4 Bxc3 16. bxc3 Qa5 17. Bxf6 gxf6 18. Qg4+ Kh8 19. Qf5 1-0

[Event "Gornozavodsk Europe-Asia op"]
[Site "Gornozavodsk"]
[Date "2009.11.12"]
[Round "?"]
[White "Kotchnev, Andrey"]
[Black "Grebionkin, Vasily"]
[Result "1/2-1/2"]
[WhiteElo "2076"]
[BlackElo "2078"]
[PlyCount "35"]
[EventDate "2009.11.07"]
[EventType "swiss"]
[EventRounds "11"]
[EventCountry "RUS"]
[SourceTitle "EXT 2012"]
[Source "ChessBase"]
[SourceDate "2011.11.24"]
[SourceVersion "1"]
[SourceVersionDate "2011.11.24"]
[SourceQuality "1"]

1. Nf3 d5 2. b3 Nf6 3. Bb2 c6 4. e3 Bf5 5. Be2 h6 6. 0-0 e6 7. Ne5 Nbd7 8. f4 Be7 9. d3 0-0 10. Nd2 Nxe5 11. fxe5 Nd7 12. Bg4 Bh7 13. Qe2 a5 14. a3 a4 15. b4 c5 16. bxc5 Bxc5 17. d4 Be7 18. c4 1/2-1/2

[Event "Gornozavodsk Europe-Asia op"]
[Site "Gornozavodsk"]
[Date "2009.11.09"]
[Round "?"]
[White "Grebionkin, Vasily"]
[Black "Shestakov, Dmitry"]
[Result "0-1"]
[WhiteElo "2078"]
[BlackElo "2271"]
[PlyCount "68"]
[EventDate "2009.11.07"]
[EventType "swiss"]
[EventRounds "11"]
[EventCountry "RUS"]
[SourceTitle "EXT 2012"]
[Source "ChessBase"]
[SourceDate "2011.11.24"]
[SourceVersion "1"]
[SourceVersionDate "2011.11.24"]
[SourceQuality "1"]

1. e4 c5 2. b3 d6 3. Bb5+ Bd7 4. Bxd7+ Qxd7 5. f4 Nc6 6. Nf3 Nf6 7. d3 g6 8. Bb2 Bg7 9. Nbd2 0-0 10. a4 Nh5 11. Bxg7 Nxg7 12. Qe2 Ne6 13. Qe3 f5 14. g3 Ned4 15. Rc1 e5 16. 0-0 exf4 17. gxf4 fxe4 18. Nxd4 Nxd4 19. Nxe4 Kg7 20. c3 Nxb3 21. Rc2 Rae8 22. f5 Rxf5 23. Rxf5 Qxf5 24. Qg3 d5 25. Nd6 Qe5 26. Nxe8+ Qxe8 27. Qc7+ Kh6 28. Rf2 Qe3 29. Qxb7 Nc1 30. Qf7 Nxd3 31. Qf8+ Kg5 32. Qf6+ Kg4 33. h3+ Kg3 34. Qd6+ Nf4 0-1

[Event "Gornozavodsk Europe-Asia op"]
[Site "Gornozavodsk"]
[Date "2009.11.09"]
[Round "?"]
[White "Shein, Vyacheslav"]
[Black "Grebionkin, Vasily"]
[Result "0-1"]
[WhiteElo "1984"]
[BlackElo "2078"]
[PlyCount "58"]
[EventDate "2009.11.07"]
[EventType "swiss"]
[EventRounds "11"]
[EventCountry "RUS"]
[SourceTitle "EXT 2012"]
[Source "ChessBase"]
[SourceDate "2011.11.24"]
[SourceVersion "1"]
[SourceVersionDate "2011.11.24"]
[SourceQuality "1"]

1. d4 d5 2. Bf4 Nf6 3. e3 c6 4. Nf3 Bg4 5. Be2 Nbd7 6. Nbd2 e6 7. Ne5 Bxe2 8. Qxe2 Be7 9. 0-0 0-0 10. c4 Ne8 11. Nxd7 Qxd7 12. c5 g5 13. Be5 f6 14. Bg3 Ng7 15. b4 Nf5 16. h3 Nxg3 17. fxg3 f5 18. Qh5 Bf6 19. Nf3 Qg7 20. Ne5 Bxe5 21. dxe5 h6 22. Rf3 Kh7 23. Raf1 Qxe5 24. g4 Rf6 25. gxf5 exf5 26. g4 Raf8 27. h4 fxg4 28. hxg5 gxf3 29. g6+ Rxg6+ 0-1

[Event "Gornozavodsk Europe-Asia op"]
[Site "Gornozavodsk"]
[Date "2009.11.07"]
[Round "?"]
[White "Grebionkin, Vasily"]
[Black "Kanter, Eduard"]
[Result "0-1"]
[WhiteElo "2078"]
[BlackElo "2371"]
[PlyCount "56"]
[EventDate "2009.11.07"]
[EventType "swiss"]
[EventRounds "11"]
[EventCountry "RUS"]
[SourceTitle "EXT 2012"]
[Source "ChessBase"]
[SourceDate "2011.11.24"]
[SourceVersion "1"]
[SourceVersionDate "2011.11.24"]
[SourceQuality "1"]

1. Nf3 g6 2. g3 Bg7 3. Bg2 Nf6 4. 0-0 0-0 5. d3 d5 6. c4 dxc4 7. dxc4 Qxd1 8. Rxd1 Ne4 9. Na3 c6 10. Rb1 Na6 11. Nc2 Bf5 12. Nfe1 Nd6 13. f3 Nxc4 14. e4 Be6 15. b3 Nd6 16. Ba3 Nb5 17. Bb2 Nc3 18. Bxc3 Bxc3 19. Nd4 Bc8 20. Nec2 Nb4 21. Nxb4 Bxb4 22. Rd3 Bc5 23. Kf1 Rd8 24. Rbd1 e5 25. Ne2 Rxd3 26. Rxd3 Be6 27. Nc3 a5 28. Na4 Bd4 0-1